Sports Quiz

Random Sports or Football Quiz

Pixel Art - NFL Team III Quiz Stats

 Plays Quiz Updated Jan 19, 2018

Challenge
Share
Tweet
Score 0/289 Timer 03:00
1 Play Today
% Correct
98.1%
97.6%
97.6%
97.6%
97.6%
97.4%
97.4%
97.4%
97.3%
97.2%
97.1%
97.1%
97.1%
97.1%
97%
97%
97%
96.9%
96.9%
96.9%
96.8%
96.8%
96.7%
96.7%
96.7%
96.6%
96.6%
96.6%
96.6%
96.6%
96.5%
96.5%
96.5%
96.5%
96.4%
96.2%
96.2%
96.2%
96.1%
Pittsburgh
Steelers
96.1%
96.1%
96.1%
96%
96%
96%
96%
96%
95.9%
95.9%
95.7%
95.7%
95.7%
95.7%
95.6%
95.6%
95.5%
95.5%
95.5%
95.4%
95.3%
95.3%
95.3%
95.1%
95.1%
95%
95%
95%
95%
New England
Patriots
94.9%
94.9%
94.9%
94.9%
94.9%
94.9%
94.9%
94.9%
94.9%
94.9%
94.8%
94.7%
94.7%
94.7%
94.7%
94.7%
94.7%
94.7%
94.7%
94.7%
94.7%
94.6%
94.6%
94.6%
94.6%
94.6%
94.6%
94.5%
94.5%
% Correct
94.4%
94.4%
94.4%
94.4%
94.4%
94.4%
94.4%
94.4%
94.4%
94.3%
94.3%
94.3%
94.3%
94.3%
94.3%
94.3%
94.3%
94.3%
94.2%
94.2%
94.2%
94.2%
94.2%
94.2%
94.1%
94.1%
94.1%
94.1%
94.1%
94.1%
94.1%
94.1%
94.1%
94.1%
94%
94%
94%
94%
93.9%
93.9%
93.9%
93.9%
93.8%
93.8%
93.8%
93.7%
93.7%
93.7%
93.7%
93.6%
93.6%
93.6%
93.6%
93.6%
93.6%
93.5%
93.5%
93.5%
93.5%
93.5%
93.5%
93.5%
93.5%
93.5%
93.4%
93.4%
93.4%
93.4%
93.3%
93.3%
93.3%
93.3%
93.3%
93.3%
93.2%
93.2%
93.2%
93.2%
93.2%
93.2%
93.2%
93.2%
93.2%
93.1%
93.1%
93.1%
93.1%
93.1%
93.1%
93.1%
93.1%
93.1%
93.1%
93%
93%
93%
92.9%
% Correct
92.9%
92.9%
92.9%
92.8%
92.8%
92.8%
92.7%
92.7%
92.7%
92.7%
92.7%
92.7%
92.7%
92.6%
92.6%
92.6%
92.6%
92.5%
92.5%
92.4%
92.4%
92.4%
92.4%
92.4%
92.4%
92.2%
92.2%
92.2%
92.2%
92.2%
92.2%
92.1%
92.1%
92.1%
92.1%
92.1%
92%
92%
91.9%
91.9%
91.9%
91.9%
91.9%
91.9%
Philadelphia
Eagles
91.7%
New York
Giants
91.5%
91.5%
Cleveland
Browns
91.5%
91.4%
91.4%
91.3%
91.2%
Minnesota
Vikings
91.2%
91.1%
91%
91%
91%
91%
90.9%
90.9%
90.8%
90.7%
90.7%
New York
Jets
90.6%
Dallas
Cowboys
90.4%
Miami
Dolphins
90%
90%
Green Bay
Packers
89.8%
89.8%
Seattle
Seahawks
89.4%
Los Angeles
Rams
88.8%
San Francisco
49ers
88.7%
Jacksonville
Jaguars
88.7%
Cincinnati
Bengals
88.4%
Chicago
Bears
88.3%
Oakland
Raiders
88.2%
Atlanta
Falcons
87.9%
Baltimore
Ravens
87.8%
Detroit
Lions
87.7%
New Orleans
Saints
87.7%
Buffalo
Bills
87.6%
Carolina
Panthers
87.1%
87.1%
Houston
Texans
87%
Los Angeles
Chargers
87%
Denver
Broncos
86.9%
Tennessee
Titans
86.6%
Washington
Redskins
86.5%
Arizona
Cardinals
86.4%
Indianapolis
Colts
85.2%
Kansas City
Chiefs
85.1%
84.3%
84.3%
Tampa Bay
Buccaneers
84.3%
Team Helmet: Pittsburgh Steelers
62.9%

You're not logged in!

Compare scores with friends on all Sporcle quizzes.
Join for Free
OR
Log In

You Might Also Like...

Show Comments

Extras

Top Quizzes Today


Score Distribution

Your Account Isn't Verified!

In order to create a playlist on Sporcle, you need to verify the email address you used during registration. Go to your Sporcle Settings to finish the process.

Report this User

Report this user for behavior that violates our Community Guidelines.

Details: